Die 10 häufigsten deutschen Nachnamen - Statistiken

Allgemein
  • Dieses Quiz wurde 983 mal gespielt
  • Das Durchschnittsergebnis liegt bei 5 aus 10
Antwortstatistiken
Anzahl Nachname % Korrekt
256.003 Müller
98%
190.584 Schmidt
79%
83.586 Meyer
72%
115.749 Schneider
48%
97.658 Fischer
41%
73.736 Schulz
36%
74.009 Becker
34%
86.061 Weber
27%
71.440 Hoffmann
23%
79.732 Wagner
20%
Keine übereinstimmenden Quizze gefunden
Verteilung der Resultate
Anzahl Personen mit jedem Resultat
Perzentil nach korrekt beantworteten Fragen
Ihre Resultats-Entwicklung
Sie haben dieses Quiz noch nicht gespielt